000 00852nam a2200301Ia 4500
001 16951
003 IT-RoPAU
008 130308s9999 xx 000 0 und d
040 _aIT-RoPAU
040 _cIT-RoPAU
041 _aITALIANO
100 _aLucia P.
100 _gCodice Aut. SPICS: 4463
245 _aUna testimonianza viva-Tecla Merlo
245 _bUna Testimonianza Viva-Tecla Merlo
250 _a1a ed.
260 _aROMA
260 _bEdizioni Paoline Fsp
260 _c1968 [1° Ed.:1968 - Ed.Ling.Originale:1968]
300 _a"40 p. (prefazione: no ; testo: 40)"
500 _aFisionomia Umano Spirituale di Suor Tecla Merlo Prima maestra delle Figlie di San Paolo
650 _aAUTORI/OPERE FAMIGLIA PAOLINA
650 _eCodice materia Spics: 9903
942 _cBK
957 _71
999 _c76303
_d76303
999 _bSI
999 _g1